Mixed Word: 6J Quiz Stats

Quiz Updated Mar 31, 2018

Also try: Mixed Word: 6G
Challenge
Share
Tweet
Embed
Score 0/30 Timer 04:00
1 Play Today
% Correct
Justin
91.8%
The Joker
90.4%
Just Shoot Me
87.8%
Jersey Shore
86%
Joan of Arcadia
82.3%
Jazz Musician
81.4%
Jakarta
80.4%
Johnny Cash
79.1%
Jordan
77%
Judge Dredd
76.2%
Janet Jackson
74.8%
Jeweler
74.6%
Janis Joplin
70.2%
Jockey
69.3%
James Taylor
67.1%
% Correct
Jeopardy!
63.5%
Janitor
62.3%
Jake and the Fatman
60.2%
Jeremiah
57%
Jean Grey
55.9%
Jason Mraz
52.8%
Jayden
47.8%
Jerusalem
39.4%
Johannesburg
35%
Juliana
33.9%
Jimmy Olsen
32.5%
Jughead Jones
28.8%
Jalalabad
14.8%
Jacksonville
11.2%
Journalist
7%

You're not logged in!

Compare scores with friends on all Sporcle quizzes.
Join for Free
OR
Log In

You Might Also Like...

Show Comments

Extras

Top Quizzes Today


Score Distribution

Your Account Isn't Verified!

In order to create a playlist on Sporcle, you need to verify the email address you used during registration. Go to your Sporcle Settings to finish the process.

Report this User

Report this user for behavior that violates our Community Guidelines.

Details: